000 00564nam a2200241 a 4500
001 nice12345678
003 IN_TiNIC
005 20260116011522.0
008 050524s1942 lona grp 000 0 eng
020 _a
_c100
082 0 0 _a297.409
_bARB
100 _aArberry, A J
245 _aHistory of Sufism
260 _aLondon
_bLongmans, Green and Co
_c1942
300 _a84p
500 _aincludes index and biblioraphy
505 2 _aAppendex
650 _aSufism-History
700 1 _aArberry, A J
902 _bSRS
942 _cBK
999 _c2255
_d2255